Una cucharadita para... / (Registro nro. 2258)
[ vista simple ]
| 000 -CABECERA | |
|---|---|
| Longitud fija campo de control | 00867nam a2200277 a 4500 |
| 003 - • IDENTIFICADOR DELl NÚMERO DE CONTROL | |
| Identificador del número de control | CO-ViMGA |
| 008 - • CÓDIGOS DE INFORMACIÓN DE LONGITUD FIJA | |
| Códigos de información de longitud fija | 141112s2004 ck r 000 u spa d |
| 020 ## - • NÚMERO INTERNACIONAL NORMALIZADO PARA LIBROS | |
| Número Internacional Normalizado para Libros (ISBN) | 9789581413539 |
| 040 ## - FUENTE DE LA CATALOGACIÓN | |
| Centro catalogador de origen | CO-ViMGA |
| Lengua de catalogación | spa |
| Centro transcriptor | CO-ViMGA |
| 041 ## - • CÓDIGO DE LENGUA | |
| Código de lengua del texto/banda sonora o título independiente | SPA |
| 100 1# - • PUNTO DE ACCESO PRINCIPAL-NOMBRE DE PERSONA | |
| Nombre de persona | Sch÷ssow, Peter |
| 245 10 - • TITULO PROPIAMENTE DICHO | |
| Título | Una cucharadita para... / |
| Mención de responsabilidad, etc. | Peter Sch÷ssow |
| 250 ## - • MENCIÓN DE EDICIÓN | |
| Mención de edición | 1a ed. |
| 300 ## - • DESCRIPCIÓN FÍSICA | |
| Extensión | 24 p. : il. col. : il. |
| 500 ## - • NOTA GENERAL | |
| Nota general | Título original : Ein L÷ffelchen für... |
| 650 14 - • PUNTO DE ACCESO ADICIONAL DE MATERIA - TÉRMINO DE MATERIA | |
| Término de materia o nombre geográfico como elemento inicial | ANIMALES - LIBROS DE IMAGENES |
| 650 14 - • PUNTO DE ACCESO ADICIONAL DE MATERIA - TÉRMINO DE MATERIA | |
| Término de materia o nombre geográfico como elemento inicial | AUTORES ALEMANES |
| 650 14 - • PUNTO DE ACCESO ADICIONAL DE MATERIA - TÉRMINO DE MATERIA | |
| Término de materia o nombre geográfico como elemento inicial | BEBES - ALIMENTACION Y ALIMENTOS - LIBROS DE IMAGENES |
| 650 14 - • PUNTO DE ACCESO ADICIONAL DE MATERIA - TÉRMINO DE MATERIA | |
| Término de materia o nombre geográfico como elemento inicial | DESDE LOS 18 MESES |
| 650 14 - • PUNTO DE ACCESO ADICIONAL DE MATERIA - TÉRMINO DE MATERIA | |
| Término de materia o nombre geográfico como elemento inicial | ILUSTRADORES ALEMANES |
| 650 14 - • PUNTO DE ACCESO ADICIONAL DE MATERIA - TÉRMINO DE MATERIA | |
| Término de materia o nombre geográfico como elemento inicial | LEER ES MI CUENTO - COLECCION 2011 |
| 942 ## - ENTRADA DE ELEMENTOS AGREGADOS (KOHA) | |
| Fuente de clasificaión o esquema | Dewey Decimal Classification |
| Koha [por defecto] tipo de item | LIbro |
| Perdido | Fuente de clasificación o esquema | Estado Físico | No para préstamo | Forma de adquisición | Localización permanente | Localización actual | Localización en estanterías | Fecha adquisición | Préstamos totales | Signatura completa | Código de barras | Fecha última consulta | Número de copia | Fecha del precio de reemplazo | Tipo de item de Koha | Serie de enumeración / cronolog&íacute;a | Note pública |
|---|---|---|---|---|---|---|---|---|---|---|---|---|---|---|---|---|---|
| Dewey Decimal Classification | Infantil | Biblioteca Pública José Eustasio Rivera - San Martin | Biblioteca Pública José Eustasio Rivera - San Martin | Sala Infantil | 03/28/2023 | A SCH13 | SM00534 | 03/28/2023 | Ej.1 | 03/28/2023 | Libro Infantil | ||||||
| Colección Sala Infantil de Literatura Pocatil y Tilín | Biblioteca Pública Departamental Eduardo Carranza - Villavicencio | Biblioteca Pública Departamental Eduardo Carranza - Villavicencio | Sala Infantil | 06/07/2012 | A SCH13 | ECA21074 | 11/26/2024 | Ej.1 | 11/26/2024 | LIbro | 15563 | 20290 | ||||||
| Dewey Decimal Classification | Sala Infantil Segundo Piso | Biblioteca Pública Germán Arciniegas - Villavicencio | Biblioteca Pública Germán Arciniegas - Villavicencio | 12/04/2015 | A SCH13 | 25118 | 12/04/2015 | Ej. 1 | 12/04/2015 | LIbro | 27/jun/2012 | ||||||
| Dewey Decimal Classification | Infantil | Biblioteca Pública Granada - Boca del Monte | Biblioteca Pública Granada - Boca del Monte | Sala Infantil | 07/18/2025 | GRDA00091 | 07/18/2025 | Ej.1 | 07/18/2025 | LIbro | |||||||
| Dewey Decimal Classification | Infantil | Biblioteca Pública Granada - Boca del Monte | Biblioteca Pública Granada - Boca del Monte | Sala Infantil | 07/25/2025 | GRDA00209 | 07/25/2025 | Ej.1 | 07/25/2025 | LIbro | |||||||
| Dewey Decimal Classification | Infantil | Biblioteca Pública Guamal | Biblioteca Pública Guamal | Sala Infantil | 02/10/2023 | A SCH13 | GUA001017 | 02/10/2023 | Ej.1 | 02/10/2023 | Libro Infantil | ||||||
| Dewey Decimal Classification | Infantil | Biblioteca Pública La Macarena | Biblioteca Pública La Macarena | Sala Infantil | 04/01/2024 | A SLE1 | LM01004 | 04/01/2024 | Ej.1 | 04/01/2024 | LIbro | ||||||
| Dewey Decimal Classification | Infantil | Biblioteca Pública Mesetas - Franco lodo Poloxi | Biblioteca Pública Mesetas - Franco lodo Poloxi | Sala Infantil | 07/29/2025 | C JAN | ME01508 | 03/17/2025 | Ej.1 | 03/17/2025 | LIbro | ||||||
| Dewey Decimal Classification | Infantil | Biblioteca Pública San Juanito - Ernesto Maria Peña Romero | Biblioteca Pública San Juanito - Ernesto Maria Peña Romero | Sala Infantil | 01/31/2024 | A SCH13 | SJU00457 | 01/31/2024 | Ej.1 | 01/31/2024 | LIbro |